Nuevos saberes en ingenierías (Registro nro. 34690)

Detalles MARC
000 -LEADER
fixed length control field 00340 a2200109 4500
001 - CONTROL NUMBER
control field ART_45135
005 - DATE AND TIME OF LATEST TRANSACTION
control field 20260410162039.0
008 - FIXED-LENGTH DATA ELEMENTS--GENERAL INFORMATION
fixed length control field 260409a
100 1# - MAIN ENTRY--PERSONAL NAME
Personal name Panaia, Marta
245 10 - TITLE STATEMENT
Title Nuevos saberes en ingenierías
773 0# - HOST ITEM ENTRY
Title Revista de estudios regionales y mercado de trabajo
Related parts - Nº 8 (ene./dic. 2012)
Record control number REV44894

No hay ítems disponibles.